• 首页
  • 本馆介绍
  • 公告通知
  • 最新文献
  • 馆藏检索
  • 电子资源
  • 读者导购
  • 参考咨询
  • 我的图书馆
  • 登录
  • 详细信息显示
  • 放入我的书架
  • 预约/预借图书
  • 作者相关作品
  • 分类相关作品
  • 丛书相关作品
  • 出版社相关作品

书目信息

  • 表格格式
  • 工作单格式
  • 卡片格式
题名:
秘书礼仪
    
 
作者: 陆予圻 , 郭莉 编著
分册:  
出版信息: 上海   复旦大学出版社  2002
页数: 286页
开本: 24cm
丛书名: 新编秘书学教材系列
单 册:
中图分类: C931.46
科图分类:
主题词: 秘书--礼仪
电子资源:
ISBN: 7-309-03057-5
000 00648nam0 2200229 45
001 0311070095
005 20031219104121.1
010    @a7-309-03057-5@dCNY27.00
100    @a20031107d2002 km y0chiy0120 ea
101 0  @achi
105    @a z 000yy
200 1  @a秘书礼仪@AMi Shu Li Yi@f陆予圻,郭莉编著@FLu Yu Qi,Guo Li Bian Zhu
210    @a上海@c复旦大学出版社@d2002
215    @a286页@d24cm
225    @a新编秘书学教材系列
410    @12001 @a新编秘书学教材系列
606 0  @a秘书@x礼仪
690    @aC931.46@v4
701  0 @a陆予圻@4编著
701  0 @a郭莉@4编著
801    @aCN@bTSTC@c20031107
905    @a213230@b327693-697@dC931.46@e128@f5
    
    秘书礼仪/陆予圻,郭莉编著.-上海:复旦大学出版社,2002
    286页;24cm.-(新编秘书学教材系列)
    
    
    ISBN 7-309-03057-5:CNY27.00
    
●
相关链接 在E读中查询图书 在五车中查询图书 在当当中查询图书 在豆瓣中查询图书


正题名:秘书礼仪     索取号:C931.46/128         预约/预借

序号 登录号 条形码 馆藏地/架位号 状态 备注
1 0327693   203276935   第一借阅区/ [索取号:C931.46/128] 在馆    
2 0327694   203276944   第一借阅区/ [索取号:C931.46/128] 在馆    
3 0327695   203276953   教育系资料室/ [索取号:C931.46/128] 在馆    
4 0327696   203276962   教育系资料室/ [索取号:C931.46/128] 在馆    
5 0327697   203276971   第一样本阅览室/ [索取号:C931.46/128] 在馆    
唐山师范学院图书馆 欢迎您!
大连网信软件有限公司© 版权所有